| 000 | 00636nam a2200193Ia 4500 | ||
|---|---|---|---|
| 003 | GCL | ||
| 008 | 140319s9999 xx 000 0 ara d | ||
| 040 |
_aGCL / _cGCL |
||
| 082 | 0 | 4 |
_a910.1 _bع ج |
| 100 | 1 | _aعدنان السيد حسين | |
| 245 | 1 | 0 |
_aالجغرافيا السياسية والاقتصادية والسكانية للعالم المعاصر / _cعدنان السيد حسين |
| 300 | _a212 ص | ||
| 490 | _a | ||
| 650 | 0 | 4 | _aالجغرافيا الاقتصادية |
| 650 | 0 | 4 | _aالسكان |
| 650 | 0 | 4 | _aالجغرافيا البشرية |
| 650 | 0 | 4 | _aالجغرافيا السياسية |
| 942 |
_2ddc _cBK |
||
| 999 |
_c39169 _d39169 |
||